| 000 | 00366nam a2200145Ia 4500 | ||
|---|---|---|---|
| 008 | 230917s9999||||xx |||||||||||||| ||und|| | ||
| 040 |
_e11898 _aMAIN |
||
| 041 | _aEnglish | ||
| 082 | _a519.2 P258I | ||
| 100 | _aParthasarathy, K R | ||
| 245 | 0 | _aIntroduction to probability and measure | |
| 260 |
_aDelhi _bMacmillan _c1980 |
||
| 300 | _axii,312 p. | ||
| 942 | _cBK | ||
| 999 |
_c167689 _d167689 |
||